000 00611cam a22002053a 4500
001 45688
003 PGUSA
005 20140828084046.0
008 140518s2014||||xxu|||||s|||||000 | eng d
040 _aPGUSA
_beng
042 _adc
100 1 _aCowan, James
245 1 4 _aThe adventures of Kimble Bent :
_bA story of wild life in the New Zealand bush
_h[electronic resource] /
_cJames Cowan
260 _bProject Gutenberg,
_c2014
506 _aPublic domain in the USA.
516 _aElectronic text
830 0 _aProject Gutenberg
_v45688
856 4 0 _uhttp://www.gutenberg.org/ebooks/45688
942 _cEB
999 _c274938
_d274938